00616nam a2200181 450000500170000001000270001702000260004403500280007003700150009803700130011308200140012610000160014024501050015626000370026127000630029830000230036150000500038420180731142626.0 a1718EN-30 ENG-123634 a9788178244747c895.00 aB-683150-151 EN-107166 bAakaradpl bDBAD/PUB a894.81209 aUdaya Kumar aWriting the first person: cby Udaya Kumarbliterature, history and autobiography in modern Kerala / aNew DelhibPermanent Blackc2016 aHimalayana, Mall Road, Ranikhet Cantt. bRanikhet e263645 axi,324p.b21cm(Hb) aIncludes bibliographical references and index